00624nam a2200169 a 450000100100000000500170001000800410002702000150006804000250008310000220010824000660013024501130019626000530030930000280036250000340039070000300042400003630020200930075644.0120112s1978 mx a 000 0 spa d a9684090137 aDO-SdBNPbspacBNPHU1 aNyhan, William L.14aThe heredity factor :bgenes, chromosomes, and youlEspañol13aEl factor hereditario :blos genes, los cromosomas, la familia y usted /cWilliam L. Nyhan y Edward Edelson. aMéxico :bEditores Asociados Mexicanos,c1978. a393 p. :bil. ;c19 cm. aTraducido del idioma inglés1 aVillegas, Ana Sylviaetr.